Ha nem ítélték el nem bűnös : a nemzetközi jogász szerint nem kell rehabitálni Szakáts Gábort /

Elmentve itt :
Bibliográfiai részletek
Szerzők: Bakos András
Szakáts Gábor
Dokumentumtípus: Cikk
Megjelent: 2007-08-23
Sorozat:Délmagyarország 97 No. 196
Kulcsszavak:Szakáts Gábor 1893-1937, Makó, Feltaláló Makó, Haditechnika lángszóró, Háborús bűnös
Online Access:http://dmarchiv.bibl.u-szeged.hu/138745
LEADER 00645nab a2200169 i 4500
001 delm138745
005 20191219131344.0
008 191219s2007 hu o 0|| hun d
040 |a SZTE Délmagyarország Archívum  |b hun 
041 |a hun 
100 1 |a Bakos András 
245 1 0 |a Ha nem ítélték el  |h [elektronikus dokumentum] :  |b nem bűnös : a nemzetközi jogász szerint nem kell rehabitálni Szakáts Gábort /  |c  Bakos András 
260 |c 2007-08-23 
300 |a 8 
490 0 |a Délmagyarország  |v 97 No. 196 
695 |a Szakáts Gábor 1893-1937, Makó, Feltaláló Makó, Haditechnika lángszóró, Háborús bűnös 
700 0 1 |a Szakáts Gábor  |e aut